000 01835 a2200349 4500
001 23986
005 20260407155526.0
008 260407a2003 arg spa d
003 AR-UNSa-BCEJYS
040 _aAR-UNSa-BCEJYS
_bspa
_cAR-UNSa-BCEJYS
080 _a658.15
_xAdministración financiera privada. Gestión financiera de empresas
245 1 0 _aAdministración financiera de las organizaciones
020 _a978-950-537-588-2
250 _a2a. ed
264 1 _aBuenos Aires :
_bEdiciones Macchi
_c2003
300 _axix, 607 p.
_c23 cm.
505 _a1. Objetivo y decisiones financieras básicas de las organizaciones / Claudio E. Sapetnitzky - 2. Elementos de cálculo financiero aplicado / Guillermo Lopez Dumrauf, Claudio E. Sapetnitzky - 3. Conceptos básicos de análisis financiero / Claudio E. Sapetnitzky, Pedro J. Vulovic - 4. La decisión de inversión / Claudio E. Sapetnitzky - 5. La decisión de financiamiento / Celestino Carbajal - 6. Decisiones de estructura de capital / Guillermo Lopez Dumrauf - 7. Gestión del capital de trabajo / Pedro J. Vulovic - 8. Riesgo e incertidumbre en las decisiones finacieras / Juan C. Alonso - 9. Decisiones financieras en contextos especiales.
942 _cBK
590 _aniveau_biblio:m niveau_hierar:0
100 1 _aSapetnitzky, Claudio E.
700 1 _aAlonso, Aldo Hernán
700 1 _aAlonso, Juan Carlos
700 1 _aCarbajal, Celestino
700 1 _aSamitier, María C. D. de
700 1 _aFeldman, Gregorio
700 1 _aHerrero, Gustavo Adolfo
700 1 _aLópez Dumrauf, Guillermo
700 1 _aMessuti, Domingo Jorge
700 1 _aPascale, Ricardo
700 1 _aVulovic, Pedro Jorge
856 4 1 _uhttps://biblioeco.unsa.edu.ar/pmb/images/libros/Administracion financiera de las organizaciones 2ed.jpg
_yImagen de portada
_qimage/jpeg
999 _c1152
_d1152